|
|
|
|
| LEADER |
00649 a2200193 4500 |
| 008 |
150103s9999 000 0 eng |
| 020 |
|
|
|c USD 1.65
|
| 082 |
0 |
0 |
|a 822.33D
|
| 245 |
0 |
0 |
|a Shakespeare's comedies:an anthology of modern criticism /
|
| 260 |
|
|
|a Baltimore:
|b Penguin,
|c c1967.
|
| 300 |
|
|
|a 345 p.
|
| 440 |
|
0 |
|a Penguin shakespeare library
|
| 500 |
|
|
|a $1.65
|
| 650 |
|
0 |
|a Shakespeare,William.
|
| 653 |
|
|
|a Comedy.
|
| 700 |
1 |
|
|a Lerner, Laurence.
|
| 942 |
|
|
|c BK
|
| 999 |
|
|
|c 301715
|d 301715
|
| 952 |
|
|
|0 0
|1 0
|2 ddc
|4 0
|6 822_000000000000000_33D_LER_SH
|7 0
|9 345045
|a DRA
|b DRA
|c ST1
|d 2010-09-13
|e Gift
|i 119G
|l 0
|o 822.33D LER/SH
|p DRA119G
|r 2019-01-03
|w 2019-01-03
|y BK
|